=LDR 00000nam 2200000 4500 =001 INLIS000000000053446 =005 20210209090859 =035 ##$$a 0010-1018000061 =245 1#$$a Booklet Perbankan Indonesia 2008 /$c Bank Indonesia =250 ##$$a Ed. 1 =300 ##$$a 187 hlm ; $c 13x21 cm =260 ##$$a Jakarta :$b Bank Indonesia,$c 2008 =082 ##$$a 332.11 =084 ##$$a 332.11 IND b =020 ##$$a ISSN : 1858-4233 =650 #4$$a Bank Perbankan =008 210209################g##########0#ind## =110 ##$$a Indonesia, Bank =990 ##$$a 30802316 =990 ##$$a 1200800602